Cambio de soles

Guardado en:
Bibliografiske detaljer
Hovedforfatter: Aray, Edmundo
Format: Bog
Sprog:Undetermined
Udgivet: Caracas, Venezuela Universidad de Venezuela 1968
Fag:
Tags: Tilføj Tag
Ingen Tags, Vær først til at tagge denne postø!

MARC

LEADER 00000nam a2200000Ia 4500
008 170316s9999 xx 000 0 und d
040 |a cru BVZT 
090 |a 860 A-24c 
100 |a Aray, Edmundo  |9 1027 
245 |a Cambio de soles  |c / Edmundo Aray 
260 |a Caracas, Venezuela  |b Universidad de Venezuela  |c 1968 
300 |a 100 páginas 
650 |a LITERATURA LATINOAMERICANA  |9 15 
999 |c 8314  |d 8314 
942 |c 15 D  |h 860 A-24c  |2 z